| 000 -LEADER |
| fixed length control field |
01945cam a2200481 i 4500 |
| 001 - CONTROL NUMBER |
| control field |
20610227 |
| 003 - CONTROL NUMBER IDENTIFIER |
| control field |
NUST |
| 005 - DATE AND TIME OF LATEST TRANSACTION |
| control field |
20190110093203.0 |
| 008 - FIXED-LENGTH DATA ELEMENTS--GENERAL INFORMATION |
| fixed length control field |
180531s2018 ii af b 001 0 eng d |
| 010 ## - LIBRARY OF CONGRESS CONTROL NUMBER |
| LC control number |
2018315200 |
| 020 ## - INTERNATIONAL STANDARD BOOK NUMBER |
| International Standard Book Number |
9789352779253 |
| Qualifying information |
(hardback) |
| 020 ## - INTERNATIONAL STANDARD BOOK NUMBER |
| International Standard Book Number |
9352779258 |
| 020 ## - INTERNATIONAL STANDARD BOOK NUMBER |
| Canceled/invalid ISBN |
9789352779260 |
| Qualifying information |
(Ebook) |
| 025 ## - OVERSEAS ACQUISITION NUMBER |
| Overseas acquisition number |
I-E-2018315200; 63-92; 63-09 |
| 035 ## - SYSTEM CONTROL NUMBER |
| System control number |
(OCoLC)on1038246065 |
| 035 ## - SYSTEM CONTROL NUMBER |
| System control number |
(OCoLC)1038246065 |
| 037 ## - SOURCE OF ACQUISITION |
| Source of stock number/acquisition |
Library of Congress -- New Delhi Overseas Office |
| 038 ## - RECORD CONTENT LICENSOR |
| Staff Name |
Muhammad Ibrahim |
| 040 ## - CATALOGING SOURCE |
| Original cataloging agency |
DKAGE |
| Language of cataloging |
eng |
| Description conventions |
rda |
| Transcribing agency |
DKAGE |
| Modifying agency |
SEA |
| -- |
DKAGE |
| -- |
OCLCF |
| -- |
OCLCA |
| -- |
DLC |
| 042 ## - AUTHENTICATION CODE |
| Authentication code |
lccopycat |
| -- |
lcode |
| 043 ## - GEOGRAPHIC AREA CODE |
| Geographic area code |
a-ii--- |
| -- |
a-pk--- |
| 050 00 - LIBRARY OF CONGRESS CALL NUMBER |
| Classification number |
DS450.P18 |
| Item number |
D85 2018 |
| 082 04 - DEWEY DECIMAL CLASSIFICATION NUMBER |
| Classification number |
327.5405491 |
| Edition number |
23 |
| Author Mark |
DUL 2018 |
| 100 1# - MAIN ENTRY--PERSONAL NAME |
| Personal name |
Dulat, A. S. |
| Fuller form of name |
(Amarjit Singh), |
| Dates associated with a name |
1940- |
| Relator term |
author. |
| 9 (RLIN) |
13029 |
| 245 14 - TITLE STATEMENT |
| Title |
The spy chronicles : |
| Remainder of title |
RAW, ISI and the illusion of peace / |
| Statement of responsibility, etc. |
A.S. Dulat, Asad Durrani and Aditya Sinha. |
| 264 #1 - PRODUCTION, PUBLICATION, DISTRIBUTION, MANUFACTURE, AND COPYRIGHT NOTICE |
| Place of production, publication, distribution, manufacture |
Noida, Uttar Pradesh, India : |
| Name of producer, publisher, distributor, manufacturer |
HarperCollins Publishers India, |
| Date of production, publication, distribution, manufacture, or copyright notice |
2018. |
| 300 ## - PHYSICAL DESCRIPTION |
| Extent |
xxii, 321 pages, 16 unnumbered pages of plates : |
| Other physical details |
illustrations (some color) ; |
| Dimensions |
24 cm |
| 336 ## - CONTENT TYPE |
| Content type term |
text |
| Content type code |
txt |
| Source |
rdacontent |
| 337 ## - MEDIA TYPE |
| Media type term |
unmediated |
| Media type code |
n |
| Source |
rdamedia |
| 338 ## - CARRIER TYPE |
| Carrier type term |
volume |
| Carrier type code |
nc |
| Source |
rdacarrier |
| 504 ## - BIBLIOGRAPHY, ETC. NOTE |
| Bibliography, etc. note |
Includes bibliographical references and index. |
| 610 10 - SUBJECT ADDED ENTRY--CORPORATE NAME |
| Corporate name or jurisdiction name as entry element |
India. |
| Subordinate unit |
Cabinet Secretariat. |
| -- |
Research and Analysis Wing. |
| 9 (RLIN) |
12833 |
| 610 10 - SUBJECT ADDED ENTRY--CORPORATE NAME |
| Corporate name or jurisdiction name as entry element |
Pakistan. |
| Subordinate unit |
Inter Services Intelligence. |
| 9 (RLIN) |
13030 |
| 650 #0 - SUBJECT ADDED ENTRY--TOPICAL TERM |
| Topical term or geographic name entry element |
Intelligence service |
| Geographic subdivision |
India. |
| 9 (RLIN) |
12834 |
| 650 #0 - SUBJECT ADDED ENTRY--TOPICAL TERM |
| Topical term or geographic name entry element |
Intelligence service |
| Geographic subdivision |
Pakistan. |
| 9 (RLIN) |
13031 |
| 651 #0 - SUBJECT ADDED ENTRY--GEOGRAPHIC NAME |
| Geographic name |
India |
| General subdivision |
Foreign relations |
| Geographic subdivision |
Pakistan. |
| 9 (RLIN) |
1644 |
| 651 #0 - SUBJECT ADDED ENTRY--GEOGRAPHIC NAME |
| Geographic name |
Pakistan |
| General subdivision |
Foreign relations |
| Geographic subdivision |
India. |
| 9 (RLIN) |
1645 |
| 651 #0 - SUBJECT ADDED ENTRY--GEOGRAPHIC NAME |
| Geographic name |
Jammu and Kashmir (India) |
| General subdivision |
Politics and government. |
| 9 (RLIN) |
1759 |
| 700 1# - ADDED ENTRY--PERSONAL NAME |
| Personal name |
Sinha, Aditya, |
| Dates associated with a name |
1964- |
| Relator term |
author. |
| 9 (RLIN) |
13032 |
| 906 ## - LOCAL DATA ELEMENT F, LDF (RLIN) |
| a |
7 |
| b |
cbc |
| c |
copycat |
| d |
3 |
| e |
ncip |
| f |
20 |
| g |
y-gencatlg |
| 942 ## - ADDED ENTRY ELEMENTS (KOHA) |
| Source of classification or shelving scheme |
|
| Koha item type |
Book |